| 000 | 00513nam a2200181Ia 4500 | ||
|---|---|---|---|
| 005 | 20250508160506.0 | ||
| 008 | 008 250505s9999 xx 000 0 eng d | ||
| 037 | _aTextual | ||
| 040 |
_aFEDL _beng _cFEDL |
||
| 041 |
_aeng _2eng |
||
| 084 |
_a401, DOD _qFEDL |
||
| 100 |
_aDodson C J _990974 |
||
| 245 | 0 | _aLanguage teaching and the bilingual method | |
| 260 |
_aLondon, UK _bSir Isaac Pitman and Sons Limited _c1967 |
||
| 300 | _a182p. | ||
| 942 |
_cTEXL _h401, DOD |
||
| 999 |
_c1364947 _d1364947 |
||